[Event "Greek Championship 2018"]
[Site "Thessaloniki"]
[Date "2018.12.17"]
[Round "6.5"]
[White "Grivas, Efstratios"]
[Black "Makka, Evanthia"]
[Result "1-0"]
[BlackElo "2084"]
[WhiteElo "2424"]
[LiveChessVersion "1.4.8"]

1. Nf3 {[%clk 1:30:50]} d5 {[%clk 1:30:25]} 2. c4 {[%clk 1:31:05]} e6
{[%clk 1:25:57]} 3. g3 {[%clk 1:27:53]} dxc4 {[%clk 1:25:33]} 4. Qa4+
{[%clk 1:28:10]} Bd7 {[%clk 1:24:55]} 5. Qxc4 {[%clk 1:28:28]} c5
{[%clk 1:25:14]} 6. Bg2 {[%clk 1:28:06]} Nc6 {[%clk 1:24:06]} 7. O-O
{[%clk 1:27:45]} Nf6 {[%clk 1:20:49]} 8. b3 {[%clk 1:21:46]} Be7 {[%clk 1:17:30]}
9. Bb2 {[%clk 1:20:40]} Rc8 {[%clk 1:17:13]} 10. d3 {[%clk 1:14:31]} O-O
{[%clk 1:14:39]} 11. Nbd2 {[%clk 1:13:06]} b5 {[%clk 1:05:04]} 12. Qc3
{[%clk 1:01:57]} Kh8 {[%clk 0:48:55]} 13. Rfc1 {[%clk 0:45:41]} Rg8
{[%clk 0:40:11]} 14. Ne5 {[%clk 0:36:56]} Nxe5 {[%clk 0:38:05]} 15. Qxe5
{[%clk 0:37:18]} Bc6 {[%clk 0:37:09]} 16. Bxc6 {[%clk 0:36:10]} Rxc6
{[%clk 0:37:32]} 17. a4 {[%clk 0:35:47]} a6 {[%clk 0:34:51]} 18. axb5
{[%clk 0:35:06]} axb5 {[%clk 0:35:15]} 19. Ra7 {[%clk 0:34:02]} Nd5
{[%clk 0:04:52]} 20. Qh5 {[%clk 0:31:17]} f6 {[%clk 0:03:36]} 21. Nf3
{[%clk 0:28:41]} Rc7 {[%clk 0:02:36]} 22. Ra5 {[%clk 0:16:26]} Rb7
{[%clk 0:02:12]} 23. Rca1 {[%clk 0:15:27]} e5 {[%clk 0:01:28]} 24. Bc1
{[%clk 0:06:55]} Nc3 {[%clk 0:00:53]} 25. Nd2 {[%clk 0:04:27]} Qd4
{[%clk 0:00:41]} 26. Qf3 {[%clk 0:04:24]} Rd7 {[%clk 0:00:51]} 27. Kg2
{[%clk 0:04:29]} Qd5 {[%clk 0:00:39]} 28. Qxd5 {[%clk 0:04:28]} Rxd5
{[%clk 0:01:06]} 29. Kf1 {[%clk 0:04:47]} Bd8 {[%clk 0:01:16]} 30. Ra7
{[%clk 0:04:43]} Rd6 {[%clk 0:01:00]} 31. Bb2 {[%clk 0:04:07]} Nd5
{[%clk 0:01:23]} 32. Rb7 {[%clk 0:03:46]} Rb6 {[%clk 0:01:09]} 33. Rd7
{[%clk 0:03:58]} Nc7 {[%clk 0:01:12]} 34. Ne4 {[%clk 0:03:22]} Rf8
{[%clk 0:00:57]} 35. Nxc5 {[%clk 0:03:22]} Rc6 {[%clk 0:00:51]} 36. Nb7
{[%clk 0:02:39]} Ne6 {[%clk 0:00:54]} 37. Nxd8 {[%clk 0:01:45]} Rxd8
{[%clk 0:01:09]} 38. Rxd8+ {[%clk 0:02:08]} Nxd8 {[%clk 0:01:35]} 39. Ra8
{[%clk 0:02:31]} Rd6 {[%clk 0:02:00]} 40. Ba3 {[%clk 0:32:52]} Rd7
{[%clk 0:32:14]} 41. Be7 {[%clk 0:33:17]} 1-0

[Event "Greek Championship 2018"]
[Site "Thessaloniki"]
[Date "2018.12.18"]
[Round "7.2"]
[White "Gouloutis, Nikolaos"]
[Black "Grivas, Efstratios"]
[Result "1-0"]
[BlackElo "2424"]
[WhiteElo "2353"]
[LiveChessVersion "1.4.8"]

1. d4 {[%clk 1:30:57]} d5 {[%clk 1:30:20]} 2. c4 {[%clk 1:31:03]} e6
{[%clk 1:30:44]} 3. Nc3 {[%clk 1:29:08]} a6 {[%clk 1:29:38]} 4. c5
{[%clk 1:18:07]} Nc6 {[%clk 1:15:02]} 5. Nf3 {[%clk 1:11:38]} Nge7
{[%clk 1:10:06]} 6. Bf4 {[%clk 1:10:47]} Ng6 {[%clk 1:08:55]} 7. e3
{[%clk 1:08:00]} Nxf4 {[%clk 0:57:14]} 8. exf4 {[%clk 1:08:25]} b6
{[%clk 0:56:46]} 9. b4 {[%clk 0:57:57]} Be7 {[%clk 0:53:20]} 10. Rb1
{[%clk 0:53:53]} O-O {[%clk 0:52:51]} 11. Bd3 {[%clk 0:51:20]} Bf6
{[%clk 0:48:48]} 12. Ne2 {[%clk 0:50:15]} bxc5 13. bxc5 {[%clk 0:50:15]} a5 14.
Bb5 Nb8 {[%clk 0:31:26]} 15. O-O {[%clk 0:27:54]} Ba6 {[%clk 0:27:13]} 16. Qa4
{[%clk 0:25:30]} Bxb5 {[%clk 0:24:05]} 17. Rxb5 {[%clk 0:22:57]} Qd7
{[%clk 0:16:09]} 18. Rfb1 {[%clk 0:23:10]} Qc6 {[%clk 0:16:13]} 19. Nc3
{[%clk 0:21:55]} Qa6 {[%clk 0:15:16]} 20. g3 {[%clk 0:05:52]} Nc6
{[%clk 0:13:45]} 21. Kg2 {[%clk 0:06:18]} Rfc8 {[%clk 0:13:17]} 22. a3
{[%clk 0:06:35]} h6 {[%clk 0:11:13]} 23. h4 {[%clk 0:07:02]} h5 {[%clk 0:11:02]}
24. f5 {[%clk 0:04:52]} Ne7 {[%clk 0:10:00]} 25. fxe6 {[%clk 0:05:09]} Qxe6
{[%clk 0:10:14]} 26. Rxa5 {[%clk 0:04:19]} Rxa5 {[%clk 0:08:56]} 27. Qxa5
{[%clk 0:04:46]} Qf5 {[%clk 0:07:07]} 28. Qa6 {[%clk 0:04:27]} Rd8
{[%clk 0:05:44]} 29. Qa7 {[%clk 0:03:04]} Qc8 {[%clk 0:01:30]} 30. Nb5
{[%clk 0:00:56]} Rd7 {[%clk 0:00:50]} 31. Qa4 {[%clk 0:01:16]} Rd8
{[%clk 0:00:46]} 32. Qa5 {[%clk 0:01:25]} Qf5 {[%clk 0:00:57]} 33. Re1
{[%clk 0:01:14]} Rb8 {[%clk 0:01:25]} 34. a4 {[%clk 0:01:23]} c6 {[%clk 0:01:41]}
35. Nd6 {[%clk 0:01:30]} Qc2 {[%clk 0:02:02]} 36. Rf1 {[%clk 0:00:34]} g6
{[%clk 0:01:15]} 37. Qc7 {[%clk 0:00:38]} Rb3 {[%clk 0:00:35]} 38. Ne8
{[%clk 0:00:33]} Rxf3 {[%clk 0:00:33]} 39. Qd8 {[%clk 0:00:34]} Kh7
{[%clk 0:00:47]} 40. Nxf6+ {[%clk 0:30:58]} Rxf6 {[%clk 0:31:15]} 41. Qxe7
{[%clk 0:31:21]} Kg7 {[%clk 0:31:33]} 42. a5 {[%clk 0:25:33]} Re6
{[%clk 0:22:32]} 43. Qb7 {[%clk 0:24:58]} Qe4+ {[%clk 0:22:22]} 44. Kg1
{[%clk 0:21:40]} g5 {[%clk 0:22:31]} 45. Qb1 {[%clk 0:18:56]} Qg4
{[%clk 0:15:36]} 46. Qd1 {[%clk 0:11:03]} Re2 {[%clk 0:14:36]} 47. Re1
{[%clk 0:10:12]} Ra2 {[%clk 0:14:47]} 48. Qc1 {[%clk 0:01:24]} gxh4
{[%clk 0:13:04]} 49. Re5 {[%clk 0:01:51]} f6 {[%clk 0:07:37]} 50. Re7+
{[%clk 0:02:18]} Kf8 {[%clk 0:08:03]} 51. Ra7 {[%clk 0:01:30]} Kg8
{[%clk 0:08:08]} 52. Qb1 {[%clk 0:01:43]} 1-0

[Event "Greek Championship 2018"]
[Site "Thessaloniki"]
[Date "2018.12.18"]
[Round "7.3"]
[White "Kourkoulos-Arditis, Stamatis"]
[Black "Mastrovasilis, Athanasios"]
[Result "0-1"]
[BlackElo "2510"]
[WhiteElo "2424"]
[LiveChessVersion "1.4.8"]

1. Nf3 {[%clk 1:30:57]} d5 {[%clk 1:30:36]} 2. g3 {[%clk 1:31:22]} c6
{[%clk 1:30:44]} 3. Bg2 {[%clk 1:31:47]} Bf5 {[%clk 1:30:19]} 4. d3
{[%clk 1:31:57]} e6 {[%clk 1:29:06]} 5. O-O {[%clk 1:32:05]} Nf6 {[%clk 1:28:32]}
6. Nh4 {[%clk 1:32:25]} Bg4 {[%clk 1:28:35]} 7. h3 {[%clk 1:32:51]} Bh5
{[%clk 1:29:01]} 8. Qe1 {[%clk 1:33:17]} Be7 {[%clk 1:26:18]} 9. f4
{[%clk 1:33:41]} Nfd7 {[%clk 1:25:47]} 10. Nf3 {[%clk 1:34:06]} Bxf3
{[%clk 1:24:23]} 11. Bxf3 {[%clk 1:34:31]} e5 {[%clk 1:23:12]} 12. e4
{[%clk 1:31:19]} dxe4 {[%clk 1:22:32]} 13. dxe4 {[%clk 1:27:42]} Na6
{[%clk 1:14:16]} 14. Nd2 {[%clk 8:11:08]} Nb6 {[%clk 0:58:42]} 15. Nb3
{[%clk 1:17:30]} Qc7 {[%clk 0:46:22]} 16. Qe2 {[%clk 1:15:48]} Nc5
{[%clk 0:43:14]} 17. Be3 {[%clk 1:14:43]} Nbd7 {[%clk 0:41:24]} 18. Qf2
{[%clk 1:00:46]} Nxb3 {[%clk 0:32:43]} 19. axb3 {[%clk 1:01:00]} b6
{[%clk 0:32:47]} 20. c3 {[%clk 0:55:22]} Bc5 {[%clk 0:31:42]} 21. Bxc5
{[%clk 0:55:41]} Nxc5 {[%clk 0:31:59]} 22. b4 {[%clk 0:56:08]} Nd7
{[%clk 0:29:48]} 23. f5 {[%clk 0:54:37]} O-O {[%clk 0:27:56]} 24. Be2
{[%clk 0:54:07]} a5 {[%clk 0:24:43]} 25. b5 {[%clk 0:49:54]} Nf6 {[%clk 0:21:53]}
26. Ra4 {[%clk 0:40:46]} Rad8 {[%clk 0:18:39]} 27. Rc4 {[%clk 0:32:37]} c5
{[%clk 0:18:17]} 28. g4 {[%clk 0:29:55]} h6 {[%clk 0:09:55]} 29. h4
{[%clk 0:26:26]} Qe7 {[%clk 0:10:01]} 30. Bf3 {[%clk 0:18:26]} Qd7
{[%clk 0:08:21]} 31. Ra4 {[%clk 0:16:07]} Qd2 {[%clk 0:07:30]} 32. Qxd2
{[%clk 0:13:50]} Rxd2 {[%clk 0:07:59]} 33. Rf2 {[%clk 0:14:14]} Rfd8
{[%clk 0:08:00]} 34. b4 {[%clk 0:14:32]} cxb4 {[%clk 0:07:11]} 35. cxb4
{[%clk 0:14:56]} R2d4 {[%clk 0:05:47]} 36. Re2 {[%clk 0:14:52]} Rc8
{[%clk 0:05:16]} 37. Kf2 {[%clk 0:14:37]} Rcc4 {[%clk 0:05:11]} 38. Ra1
{[%clk 0:10:00]} Rxb4 {[%clk 0:05:21]} 39. Rae1 {[%clk 0:10:26]} Nd7
{[%clk 0:04:26]} 40. g5 {[%clk 0:40:28]} Nc5 {[%clk 0:34:07]} 41. f6
{[%clk 0:39:52]} Nd3+ {[%clk 0:32:35]} 0-1

[Event "Greek Championship 2018"]
[Site "Thessaloniki"]
[Date "2018.12.18"]
[Round "7.4"]
[White "Koutoukidis, Panagiotis"]
[Black "Skaperdas, Kostantinos"]
[Result "1/2-1/2"]
[BlackElo "2231"]
[WhiteElo "2357"]
[LiveChessVersion "1.4.8"]

1. e4 {[%clk 1:30:57]} e6 {[%clk 1:30:53]} 2. d4 {[%clk 1:31:24]} d5
{[%clk 1:31:17]} 3. Nc3 {[%clk 1:31:51]} Bb4 {[%clk 1:31:28]} 4. Nge2
{[%clk 1:32:16]} Nf6 {[%clk 1:31:49]} 5. e5 {[%clk 1:32:23]} Nfd7
{[%clk 1:32:18]} 6. f4 {[%clk 1:32:17]} O-O {[%clk 1:32:30]} 7. Be3
{[%clk 1:31:11]} c5 {[%clk 1:25:17]} 8. dxc5 {[%clk 1:20:08]} Nc6
{[%clk 1:21:15]} 9. a3 {[%clk 1:05:32]} Bxc5 {[%clk 1:21:16]} 10. Qd2
{[%clk 1:01:32]} Qb6 {[%clk 0:58:38]} 11. Bxc5 {[%clk 1:01:49]} Qxc5
{[%clk 0:54:35]} 12. O-O-O {[%clk 0:59:22]} Nb6 {[%clk 0:45:25]} 13. Nd4
{[%clk 0:59:10]} Nc4 {[%clk 0:38:24]} 14. Bxc4 {[%clk 0:58:55]} Qxc4 15. b3
{[%clk 0:49:13]} Qc5 {[%clk 0:32:14]} 16. Kb2 {[%clk 0:49:30]} Bd7
{[%clk 0:31:15]} 17. Nxc6 {[%clk 0:45:40]} Bxc6 {[%clk 0:28:37]} 18. Qd4
{[%clk 0:45:10]} b6 {[%clk 0:27:59]} 19. Rhe1 {[%clk 0:43:50]} Rac8
{[%clk 0:28:10]} 20. g4 {[%clk 0:43:30]} Rc7 {[%clk 0:27:51]} 21. g5
{[%clk 0:41:19]} Rfc8 {[%clk 0:25:34]} 22. Re3 {[%clk 0:41:39]} a5
{[%clk 0:16:48]} 23. Rd2 {[%clk 0:37:30]} Be8 {[%clk 0:14:54]} 24. Rh3
{[%clk 0:34:09]} Qxd4 {[%clk 0:12:59]} 25. Rxd4 {[%clk 0:34:26]} f6
{[%clk 0:13:28]} 26. exf6 {[%clk 0:28:21]} Bg6 {[%clk 0:13:22]} 27. fxg7
{[%clk 0:27:47]} Kxg7 {[%clk 0:12:34]} 28. Re3 {[%clk 0:26:40]} Bf5
{[%clk 0:11:19]} 29. a4 {[%clk 0:20:41]} Kg6 {[%clk 0:10:33]} 30. Rg3
{[%clk 0:18:14]} Kh5 {[%clk 0:07:29]} 31. Rd2 {[%clk 0:18:29]} Kg6
{[%clk 0:06:29]} 32. Re3 {[%clk 0:17:55]} 1/2-1/2

[Event "Greek Championship 2018"]
[Site "Thessaloniki"]
[Date "2018.12.18"]
[Round "7.5"]
[White "Ioannidis, Evgenios"]
[Black "Nikolaidis, Ioannis"]
[Result "1/2-1/2"]
[BlackElo "2564"]
[WhiteElo "2382"]
[LiveChessVersion "1.4.8"]

1. d4 {[%clk 1:30:50]} Nf6 {[%clk 1:30:48]} 2. c4 {[%clk 1:31:05]} e6
{[%clk 1:31:11]} 3. Nc3 {[%clk 1:31:16]} Bb4 {[%clk 1:31:17]} 4. Qc2
{[%clk 1:31:11]} O-O {[%clk 1:29:51]} 5. e4 {[%clk 1:30:53]} d6 {[%clk 1:30:14]}
6. e5 {[%clk 1:30:39]} Nfd7 {[%clk 1:24:21]} 7. Nf3 {[%clk 1:30:45]} c5
{[%clk 1:23:47]} 8. exd6 {[%clk 1:29:52]} cxd4 {[%clk 1:14:00]} 9. Nxd4
{[%clk 1:30:07]} Bxd6 {[%clk 1:07:09]} 10. Be3 {[%clk 1:29:44]} Nc6
{[%clk 1:04:41]} 11. O-O-O {[%clk 1:24:55]} Be5 {[%clk 0:54:23]} 12. Nxc6
{[%clk 1:19:22]} bxc6 {[%clk 0:54:49]} 13. f4 {[%clk 1:18:26]} Bxc3
{[%clk 0:51:21]} 14. Qxc3 {[%clk 1:18:48]} Qc7 {[%clk 0:51:44]} 15. Bd3
{[%clk 1:05:50]} c5 {[%clk 0:50:48]} 16. Qc2 {[%clk 0:53:43]} Nf6
{[%clk 0:26:18]} 17. Rhg1 {[%clk 0:37:59]} e5 {[%clk 0:25:43]} 18. Rgf1
{[%clk 0:26:51]} Bg4 {[%clk 0:18:00]} 19. Rde1 {[%clk 0:24:56]} Rfe8
{[%clk 0:13:12]} 20. h3 {[%clk 0:23:24]} e4 {[%clk 0:13:09]} 21. Be2
{[%clk 0:18:04]} Bxe2 {[%clk 0:13:33]} 22. Rxe2 {[%clk 0:17:58]} Nh5
{[%clk 0:04:09]} 23. Rd2 {[%clk 0:16:22]} Ng3 {[%clk 0:04:08]} 24. Rfd1
{[%clk 0:15:46]} Nf5 {[%clk 0:03:13]} 25. Qc3 {[%clk 0:15:59]} Nd4
{[%clk 0:02:13]} 26. g3 {[%clk 0:13:54]} Qc8 {[%clk 0:02:28]} 27. g4
{[%clk 0:11:12]} Qa6 {[%clk 0:02:37]} 28. Kb1 {[%clk 0:09:37]} Qh6
{[%clk 0:02:51]} 29. f5 {[%clk 0:07:59]} Qh4 {[%clk 0:03:20]} 30. Bf2
{[%clk 0:05:59]} Qh6 {[%clk 0:03:46]} 31. Be3 {[%clk 0:04:42]} Qh4
{[%clk 0:04:15]} 32. Bf2 {[%clk 0:05:06]} Qh6 {[%clk 0:04:41]} 33. Be3
{[%clk 0:04:53]} Qh4 {[%clk 0:05:06]} 34. Bf2 {[%clk 0:05:19]} 1/2-1/2

[Event "Greek Women Ch 2018"]
[Site "?"]
[Date "2018.12.18"]
[Round "7.1"]
[White "Tsivelekidou, Evgenia"]
[Black "Skaraki, Antigoni"]
[Result "1-0"]
[BlackElo "2012"]
[WhiteElo "1861"]
[LiveChessVersion "1.4.8"]

1. d4 {[%clk 1:30:58]} g6 {[%clk 1:30:55]} 2. Nc3 {[%clk 1:30:38]} Bg7
{[%clk 1:31:15]} 3. e4 {[%clk 1:30:54]} d6 {[%clk 1:31:23]} 4. Bf4
{[%clk 1:31:16]} a6 {[%clk 1:31:36]} 5. Qd2 {[%clk 1:31:02]} Nd7 {[%clk 1:31:48]}
6. Nf3 {[%clk 1:29:34]} b5 {[%clk 1:32:07]} 7. a4 {[%clk 1:20:35]} b4
{[%clk 1:20:06]} 8. Nd5 {[%clk 1:16:10]} a5 {[%clk 1:16:17]} 9. Bd3
{[%clk 1:12:51]} Bb7 {[%clk 1:13:10]} 10. c4 {[%clk 1:06:33]} e6 {[%clk 1:02:12]}
11. Ne3 {[%clk 1:06:04]} Ngf6 {[%clk 0:58:25]} 12. Qc2 {[%clk 1:03:59]} h6
{[%clk 0:49:36]} 13. h3 {[%clk 0:52:35]} Nh5 {[%clk 0:44:28]} 14. Bh2
{[%clk 0:52:56]} e5 15. dxe5 {[%clk 0:47:49]} dxe5 {[%clk 0:43:03]} 16. c5
{[%clk 0:43:01]} c6 {[%clk 0:28:44]} 17. O-O {[%clk 0:37:31]} O-O
{[%clk 0:25:28]} 18. Nc4 {[%clk 0:25:52]} Ba6 {[%clk 0:23:21]} 19. Rfd1
{[%clk 0:22:26]} Bxc4 {[%clk 0:23:16]} 20. Qxc4 {[%clk 0:22:10]} Qe7
{[%clk 0:23:00]} 21. Rac1 {[%clk 0:21:50]} Rfd8 {[%clk 0:22:33]} 22. Bf1
{[%clk 0:18:19]} Nf4 {[%clk 0:17:08]} 23. Rd6 {[%clk 0:16:00]} Ne6
{[%clk 0:12:29]} 24. Rxc6 {[%clk 0:14:54]} Kh7 {[%clk 0:12:40]} 25. b3
{[%clk 0:12:30]} g5 {[%clk 0:10:37]} 26. Bg3 {[%clk 0:08:38]} Rac8
{[%clk 0:05:30]} 27. Rxc8 {[%clk 0:07:34]} Rxc8 {[%clk 0:06:00]} 28. c6
{[%clk 0:06:37]} f6 {[%clk 0:06:01]} 29. Qa6 {[%clk 0:05:26]} Rc7
{[%clk 0:04:04]} 30. Qxa5 {[%clk 0:05:18]} Bf8 {[%clk 0:03:47]} 31. Qd5
{[%clk 0:02:49]} Nb6 {[%clk 0:01:51]} 32. Qb5 {[%clk 0:02:32]} Nc8
{[%clk 0:02:08]} 33. Qd5 {[%clk 0:01:18]} Nb6 {[%clk 0:02:20]} 34. Qb5
{[%clk 0:01:43]} Nc8 {[%clk 0:02:45]} 35. Kh2 {[%clk 0:01:12]} Nd8
{[%clk 0:02:35]} 36. Qd5 {[%clk 0:01:10]} Nb6 {[%clk 0:01:47]} 37. Qb5
{[%clk 0:01:25]} Nc8 {[%clk 0:02:10]} 38. Qd5 {[%clk 0:01:40]} Nb6
{[%clk 0:02:21]} 39. Qb5 {[%clk 0:02:04]} Nc8 {[%clk 0:01:28]} 40. Qa6
{[%clk 0:30:54]} Na7 {[%clk 0:31:08]} 41. Qb6 {[%clk 0:23:33]} Nc8
{[%clk 0:23:25]} 42. Qb5 {[%clk 0:20:44]} Na7 {[%clk 0:22:17]} 43. Qd5
{[%clk 0:19:58]} h5 {[%clk 0:09:58]} 44. h4 {[%clk 0:17:27]} g4 {[%clk 0:10:17]}
45. Ne1 {[%clk 0:13:39]} Naxc6 {[%clk 0:08:17]} 46. Bc4 {[%clk 0:12:14]} Nd4
{[%clk 0:06:05]} 47. Qg8+ {[%clk 0:09:11]} Kh6 {[%clk 0:06:31]} 48. Nc2
{[%clk 0:06:40]} N8c6 {[%clk 0:02:40]} 49. Ne3 Qg7 {[%clk 0:01:37]} 50. Qxg7+
{[%clk 0:04:24]} Kxg7 {[%clk 0:01:57]} 51. Bd5 {[%clk 0:04:22]} Bd6
{[%clk 0:01:15]} 52. Bxc6 {[%clk 0:03:11]} Kf8 53. Nf5 {[%clk 0:02:42]} Be7
{[%clk 0:00:35]} 54. Nxd4 {[%clk 0:03:07]} 1-0

[Event "Greek Women Ch 2018"]
[Site "?"]
[Date "2018.12.18"]
[Round "7.3"]
[White "Fragkou, Eleni"]
[Black "Pavlidou, Ekaterini"]
[Result "1/2-1/2"]
[BlackElo "2185"]
[WhiteElo "2031"]
[LiveChessVersion "1.4.8"]

1. e4 {[%clk 1:30:56]} c5 {[%clk 1:30:45]} 2. Nf3 {[%clk 1:31:13]} Nc6
{[%clk 1:30:36]} 3. d4 {[%clk 1:31:33]} cxd4 {[%clk 1:30:58]} 4. Nxd4
{[%clk 1:31:53]} e6 {[%clk 1:30:59]} 5. Nc3 {[%clk 1:32:05]} Qc7 {[%clk 1:31:09]}
6. f4 {[%clk 1:31:54]} Nxd4 {[%clk 1:31:13]} 7. Qxd4 {[%clk 1:32:12]} a6
{[%clk 1:31:24]} 8. Be3 {[%clk 1:32:03]} b5 {[%clk 1:28:35]} 9. O-O-O
{[%clk 1:30:38]} Bb7 {[%clk 1:28:33]} 10. Bd3 {[%clk 1:24:48]} Rc8
{[%clk 1:25:28]} 11. Kb1 {[%clk 1:18:20]} Nf6 {[%clk 1:12:02]} 12. e5
{[%clk 1:15:33]} Nd5 {[%clk 1:09:54]} 13. Ne4 {[%clk 1:10:51]} Be7
{[%clk 1:04:57]} 14. Nd6+ {[%clk 1:00:10]} Bxd6 {[%clk 1:05:19]} 15. exd6
{[%clk 1:00:37]} Qxd6 {[%clk 1:05:11]} 16. Qxg7 {[%clk 1:00:25]} Qf8
{[%clk 0:59:37]} 17. Qd4 {[%clk 0:53:36]} f6 18. c3 {[%clk 0:37:07]} Qe7
{[%clk 0:57:05]} 19. Rhe1 {[%clk 0:24:50]} Rg8 {[%clk 0:55:25]} 20. Bf1
{[%clk 0:10:21]} Bc6 {[%clk 0:39:29]} 21. Qd2 {[%clk 0:04:41]} a5
{[%clk 0:37:50]} 22. Bd4 {[%clk 0:04:49]} Kf7 {[%clk 0:33:54]} 23. Qf2
{[%clk 0:04:34]} Rg4 {[%clk 0:30:26]} 24. g3 {[%clk 0:04:50]} Kg8
{[%clk 0:20:13]} 25. h3 {[%clk 0:05:11]} Rg7 {[%clk 0:20:33]} 26. g4
{[%clk 0:05:08]} Rf7 {[%clk 0:20:47]} 27. Qg3 {[%clk 0:04:12]} Qd6
{[%clk 0:17:35]} 28. g5 {[%clk 0:01:20]} Qxf4 {[%clk 0:14:59]} 29. Qxf4
{[%clk 0:01:38]} Nxf4 {[%clk 0:15:26]} 30. Bxf6 {[%clk 0:01:41]} Nd5
{[%clk 0:13:41]} 31. Be5 {[%clk 0:00:57]} Rf2 {[%clk 0:10:15]} 32. Bd3
{[%clk 0:00:44]} Nf4 {[%clk 0:04:17]} 33. h4 {[%clk 0:00:40]} Ng2
{[%clk 0:03:55]} 34. Rf1 {[%clk 0:00:37]} Rxf1 {[%clk 0:03:18]} 35. Rxf1
{[%clk 0:00:50]} Nxh4 {[%clk 0:03:40]} 36. Rf6 {[%clk 0:01:06]} Nf5
{[%clk 0:01:46]} 37. Bxf5 {[%clk 0:00:59]} exf5 {[%clk 0:02:14]} 38. Kc1
{[%clk 0:00:43]} Rf8 {[%clk 0:00:49]} 39. Rxf8+ {[%clk 0:00:52]} 1/2-1/2

[Event "Greek Women Ch 2018"]
[Site "?"]
[Date "2018.12.18"]
[Round "7.4"]
[White "Nikolaidou, Eleni"]
[Black "Markantonaki, Haritomeni"]
[Result "0-1"]
[BlackElo "2152"]
[WhiteElo "1707"]
[LiveChessVersion "1.4.8"]

1. e4 {[%clk 1:26:08]} c5 {[%clk 1:30:50]} 2. Nf3 {[%clk 1:26:25]} Nc6
{[%clk 1:31:08]} 3. c3 {[%clk 1:26:41]} Nf6 {[%clk 1:31:08]} 4. e5
{[%clk 1:26:26]} Nd5 {[%clk 1:31:27]} 5. Bc4 {[%clk 1:26:41]} Nb6
{[%clk 1:31:25]} 6. Bb3 {[%clk 1:27:05]} c4 {[%clk 1:31:39]} 7. Bc2
{[%clk 1:26:14]} d6 {[%clk 1:31:41]} 8. exd6 {[%clk 1:26:05]} Qxd6
{[%clk 1:31:57]} 9. Qe2 {[%clk 1:23:18]} Bg4 {[%clk 1:27:33]} 10. b3
{[%clk 1:20:40]} Qf6 {[%clk 1:18:54]} 11. Na3 {[%clk 1:12:09]} cxb3
{[%clk 1:03:16]} 12. axb3 {[%clk 1:12:32]} Nd5 {[%clk 0:59:39]} 13. O-O
{[%clk 0:59:55]} Nf4 {[%clk 0:56:18]} 14. Qe4 {[%clk 0:52:50]} e6
{[%clk 0:55:43]} 15. d4 {[%clk 0:49:56]} Bd6 {[%clk 0:53:17]} 16. Nc4
{[%clk 0:22:58]} Bc7 {[%clk 0:50:49]} 17. Re1 {[%clk 0:18:51]} Nh3+
{[%clk 0:28:22]} 18. Kf1 {[%clk 0:19:05]} Bxf3 {[%clk 0:28:37]} 19. Qxf3
{[%clk 0:19:25]} Qxf3 {[%clk 0:28:14]} 20. gxf3 {[%clk 0:19:48]} O-O
{[%clk 0:18:54]} 21. Re4 {[%clk 0:17:22]} g5 {[%clk 0:15:29]} 22. Kg2
{[%clk 0:12:52]} Nf4+ {[%clk 0:15:54]} 23. Bxf4 {[%clk 0:13:03]} Bxf4
{[%clk 0:16:14]} 24. h4 {[%clk 0:11:38]} h6 {[%clk 0:16:05]} 25. Ne3
{[%clk 0:06:49]} Ne7 {[%clk 0:13:17]} 26. Rg1 {[%clk 0:03:58]} Rfd8
{[%clk 0:06:43]} 27. Kf1 {[%clk 0:03:47]} Kf8 {[%clk 0:06:58]} 28. Ng2
{[%clk 0:03:14]} Bd2 {[%clk 0:07:01]} 29. c4 {[%clk 0:02:54]} Nc6
{[%clk 0:06:53]} 30. hxg5 {[%clk 0:02:33]} hxg5 {[%clk 0:06:54]} 31. f4
{[%clk 0:01:25]} Nxd4 {[%clk 0:06:44]} 32. Bd1 {[%clk 0:01:23]} f5
{[%clk 0:05:39]} 33. Re5 {[%clk 0:01:22]} g4 {[%clk 0:05:16]} 34. Rh1
{[%clk 0:01:17]} Kg7 {[%clk 0:05:28]} 35. Ne3 {[%clk 0:01:19]} Nc6
{[%clk 0:03:31]} 36. Rxe6 {[%clk 0:01:15]} Bxe3 {[%clk 0:03:57]} 37. Rxc6
{[%clk 0:01:09]} bxc6 {[%clk 0:04:17]} 38. Bc2 {[%clk 0:01:10]} Bxf4
{[%clk 0:04:40]} 39. Kg2 {[%clk 0:01:12]} Rh8 {[%clk 0:04:24]} 40. Rd1
{[%clk 0:31:17]} Rad8 {[%clk 0:34:29]} 0-1

[Event "Greek Championship 2018"]
[Site "Thessaloniki"]
[Date "2018.12.19"]
[Round "8.1"]
[White "Kanakaris, Georgios"]
[Black "Nikolaidis, Ioannis"]
[Result "1/2-1/2"]
[BlackElo "2564"]
[WhiteElo "2401"]
[LiveChessVersion "1.4.8"]

1. d4 {[%clk 1:30:56]} Nf6 {[%clk 1:28:21]} 2. Nf3 {[%clk 1:31:11]} e6
{[%clk 1:28:05]} 3. e3 {[%clk 1:31:21]} c5 {[%clk 1:27:40]} 4. Bd3
{[%clk 1:31:22]} d5 {[%clk 1:27:55]} 5. b3 {[%clk 1:31:21]} Nc6 {[%clk 1:28:13]}
6. Bb2 {[%clk 1:31:07]} cxd4 {[%clk 1:27:53]} 7. exd4 {[%clk 1:31:14]} g6
{[%clk 1:28:14]} 8. O-O {[%clk 1:27:18]} Bg7 {[%clk 1:28:39]} 9. Ba3
{[%clk 1:11:39]} Ne7 {[%clk 1:28:38]} 10. c3 {[%clk 1:10:18]} O-O
{[%clk 1:28:24]} 11. Nbd2 {[%clk 1:10:02]} b6 {[%clk 1:27:48]} 12. Qe2
{[%clk 1:04:52]} Bb7 {[%clk 1:28:16]} 13. Rfe1 {[%clk 1:02:31]} Ne8
{[%clk 1:15:20]} 14. Rac1 {[%clk 0:56:59]} Nc7 {[%clk 1:12:58]} 15. Ne5
{[%clk 0:46:27]} f6 {[%clk 1:07:09]} 16. Nef3 {[%clk 0:46:44]} Re8
{[%clk 1:05:14]} 17. h4 {[%clk 0:33:34]} e5 {[%clk 0:59:01]} 18. dxe5
{[%clk 0:31:29]} fxe5 {[%clk 0:59:26]} 19. Nxe5 {[%clk 0:30:32]} Nf5
{[%clk 0:59:38]} 20. Ndf3 {[%clk 0:30:56]} Nxh4 {[%clk 0:59:07]} 21. Qd2
{[%clk 0:22:24]} Nxf3+ {[%clk 0:58:53]} 22. Nxf3 {[%clk 0:22:51]} Qd7
{[%clk 0:54:10]} 23. Rxe8+ {[%clk 0:18:43]} Rxe8 {[%clk 0:54:27]} 24. Re1
{[%clk 0:18:49]} Nb5 {[%clk 0:53:14]} 25. Rxe8+ {[%clk 0:15:25]} Qxe8
{[%clk 0:53:39]} 26. Bxb5 {[%clk 0:13:48]} Qxb5 {[%clk 0:54:06]} 27. Nd4
{[%clk 0:14:10]} Qe8 {[%clk 0:49:51]} 28. Bd6 {[%clk 0:14:23]} h6
{[%clk 0:45:02]} 29. Bf4 {[%clk 0:14:05]} g5 {[%clk 0:45:08]} 30. Be3
{[%clk 0:14:12]} Qe4 {[%clk 0:44:32]} 31. a4 {[%clk 0:08:54]} Be5
{[%clk 0:39:04]} 32. f3 {[%clk 0:04:04]} Qb1+ {[%clk 0:37:16]} 33. Qc1
{[%clk 0:04:20]} Qg6 {[%clk 0:35:38]} 34. f4 {[%clk 0:03:36]} gxf4
{[%clk 0:32:34]} 35. Bxf4 {[%clk 0:03:59]} Bg7 {[%clk 0:32:00]} 36. Qe3
{[%clk 0:03:17]} Bc8 {[%clk 0:31:44]} 37. Qf3 {[%clk 0:02:06]} Be6
{[%clk 0:26:34]} 38. Qg3 {[%clk 0:01:19]} Bg4 {[%clk 0:25:19]} 39. Be5
{[%clk 0:01:42]} Bf8 {[%clk 0:25:40]} 40. b4 {[%clk 0:31:57]} h5 {[%clk 0:53:01]}
41. Kh2 {[%clk 0:26:26]} Bh6 {[%clk 0:46:42]} 42. Bf4 {[%clk 0:24:23]} Bg7
{[%clk 0:41:02]} 43. Qe3 {[%clk 0:20:42]} Bf5 {[%clk 0:34:42]} 44. Qg3
{[%clk 0:19:26]} Bxd4 {[%clk 0:34:43]} 45. Qxg6+ {[%clk 0:19:32]} 1/2-1/2